| 000 | 00375nam a2200145 a 4500 | ||
|---|---|---|---|
| 020 | _a8185026165 | ||
| 082 | 0 | 0 |
_a745 _bGRU |
| 100 | _aGrube, Rrnst J. | ||
| 245 | _aMirror for Princes from India | ||
| 260 |
_aBombay _bMarg Pub. _c1991 |
||
| 300 | _a170p | ||
| 500 | _aincludes index and biblioraphy | ||
| 650 | _aIslamic Illumination of book Manuscripts | ||
| 942 | _cRRB | ||
| 999 |
_c10517 _d10517 |
||